Najlepiej sprzedająca się gra z wybranych konsol - Statystyki

Ogólne statystyki
  • Ten quiz został rozwiązany 45 razy
  • Średni wynik to 5 z 22
Statystyki odpowiedzi
Platforma Tytuł gry Sprzedane kopie % Poprawnych
Playstation 3 Grand Theft Auto V 20M
72%
Nintendo Entertainment System Super Mario Bros. 40M
49%
Playstation 2 Grand Theft Auto: San Andreas 20M
44%
Wii Wii Sports 82M
41%
Nintendo 64 Super Mario 64 11M
38%
Playstation Gran Turismo 10M
28%
Xbox Halo 2 8M
26%
Gameboy/Gameboy Color Tetris 35M
26%
Wii U Mario Kart 8 8M
23%
Super Nintendo Entertainment System Super Mario World 20M
23%
Nintendo DS New Super Mario Bros. 30M
21%
Sega Dreamcast Sonic Adventure 2M
21%
Xbox One Halo 5: Guardians 5M
15%
Switch Mario Kart 8 Deluxe 33M
15%
Playstation 4 Marvel's Spider-Man 20M
15%
Sega Genesis Sonic the Hedgehog 15M
15%
Sega Saturn Virtua Fighter 2 22M
15%
Playstation Portable Grand Theft Auto: Liberty City Stories 8M
10%
Nintendo 3DS Mario Kart 7 19M
10%
Xbox 360 Kinect Adventures! 21M
8%
Gamecube Super Smash Bros. Melee 7M
8%
Gameboy Advance Pokemon Ruby and Sapphire 13M
0%
Nie znaleziono quizów pasujących do podanych kryteriów
Rozkład punktacji
Procent ludzi z każdym wynikiem
Percentyl według liczby udzielonych odpowiedzi
Twoja historia wyników
Nie rozwiązałeś tego quizu